000
00314nas a2200121Ia 4500
008
230918c99999999xx |||||||||||| ||und||
040
_a
MAIN
041
_a
English
245
0
_a
IETE Journal of Research
260
_b
The Institution of Electronics & Telecommunication Engineers
500
_a
India
942
_c
BV
999
_c
234823
_d
234823